Guess the Logo - Statistics

General Stats
  • This quiz has been taken 345 times
  • The average score is 13 of 16
Answer Stats
Picture Answer % Correct
KFC
99%
Facebook
98%
Spotify
98%
McDonald's
96%
Shell
95%
Nike
92%
Pepsi
92%
Starbucks
88%
Target
82%
Walmart
77%
Mastercard
75%
UPS
75%
Rolex
70%
BiC
54%
John Deere
46%
Bank of America
35%
No matching quizzes found
Score Distribution
Percent of People with Each Score
Percentile by Number Answered
Your Score History
You have not taken this quiz